[Event "SRB-ch sf"]
[Site "Paracin"]
[Date "2024.02.10"]
[Round "8"]
[White "Garifulin, Yury"]
[Black "Jovanovic, Sasa T"]
[Result "1-0"]
[WhiteElo "2109"]
[BlackElo "2043"]
[PlyCount "113"]
[EventDate "2024.02.05"]
[EventType "swiss"]
[EventRounds "9"]
[EventCountry "SRB"]
[SourceTitle "CB07_2024"]
[SourceDate "2024.02.14"]
[SourceVersion "1"]
[SourceVersionDate "2024.02.14"]
[SourceQuality "1"]

1. e4 d6 2. d4 Nf6 3. Nc3 e5 4. dxe5 dxe5 5. Qxd8+ Kxd8 6. Bg5 c6 7. 0-0-0+ Ke8 8. f4 h6 9. Bxf6 gxf6 10. f5 Nd7 11. Nce2 a5 12. Ng3 Bc5 13. Rd3 Ke7 14. Nf3 Bf2 15. Nd2 a4 16. Rf3 Bc5 17. Nh5 b5 18. Be2 Bb7 19. Rd1 Rhg8 20. Rd3 Nb6 21. Nf3 Rxg2 22. Bf1 Rf2 23. Ng3 Rg8 24. Nh1 Rxf1 25. Rxf1 Rg4 26. Ng3 Nc4 27. b3 axb3 28. axb3 Nd6 29. Nd2 b4 30. c4 Bd4 31. Kc2 c5 32. Re1 Bc6 33. Rf3 Bc3 34. Rfe3 Bd4 35. R3e2 Bc3 36. Kd3 h5 37. Rd1 h4 38. Ngf1 Bd4 39. Ne3 Bxe3 40. Rxe3 Rg2 41. h3 Kd7 42. Ra1 Kc7 43. Nf3 Rb2 44. Nd2 Kb6 45. Rg1 Nb7 46. Ree1 Na5 47. Rb1 Ra2 48. Rg4 Nxb3 49. Nxb3 Ba4 50. Rxh4 Rf2 51. Rh6 Rf3+ 52. Ke2 Rxb3 53. Rxf6+ Ka5 54. Rxb3 Bxb3 55. Kd3 Ba2 56. h4 Bb1+ 57. Kd2 1-0

[Event "SRB-ch sf"]
[Site "Paracin"]
[Date "2024.02.06"]
[Round "2"]
[White "Krstic, Andrija Marko"]
[Black "Jovanovic, Sasa T"]
[Result "1/2-1/2"]
[WhiteElo "2143"]
[BlackElo "2043"]
[PlyCount "118"]
[EventDate "2024.02.05"]
[EventType "swiss"]
[EventRounds "9"]
[EventCountry "SRB"]
[SourceTitle "CB07_2024"]
[SourceDate "2024.02.14"]
[SourceVersion "1"]
[SourceVersionDate "2024.02.14"]
[SourceQuality "1"]

1. d4 d5 2. c4 c6 3. Nc3 Nf6 4. e3 e6 5. Nf3 Nbd7 6. Be2 dxc4 7. a4 Bb4 8. Bxc4 0-0 9. 0-0 a5 10. Qe2 Qc7 11. e4 e5 12. dxe5 Nxe5 13. Nxe5 Qxe5 14. f4 Qe7 15. e5 Bg4 16. exf6 Qc5+ 17. Qe3 Qxc4 18. Qg3 Bc5+ 19. Be3 Bxe3+ 20. Qxe3 Bf5 21. Qe5 g6 22. Rae1 h6 23. Ne4 Rfe8 24. Nd6 Rxe5 25. Nxc4 Re6 26. Rxe6 Bxe6 27. Nd6 b6 28. Rd1 Rd8 29. Rd2 g5 30. Kf2 gxf4 31. g3 fxg3+ 32. Kxg3 Kh7 33. Kf4 Rg8 34. Ne4 Bd5 35. Nc3 Rg5 36. h4 Rg2 37. Rxg2 Bxg2 38. h5 Bf1 39. Ke5 b5 40. Kd6 b4 41. Ne4 Be2 42. Ng3 Bd1 43. Kxc6 Bxa4+ 44. Kb6 Bd1 45. Kxa5 b3 46. Kb4 Kg8 47. Kc5 Kf8 48. Kd6 Bf3 49. Nf5 Bxh5 50. Nxh6 Bf3 51. Nf5 Be2 52. Nd4 Bd1 53. Kd7 Bg4+ 54. Kd6 Bd1 55. Nc6 Be2 56. Ne5 Bb5 57. Nd7+ Kg8 58. Ke7 Bc4 59. Ne5 Bd5 1/2-1/2

[Event "Carballo Concello 6th"]
[Site "Carballo"]
[Date "2023.08.27"]
[Round "4"]
[White "Jovanovic, Sasa T"]
[Black "Longueira Alonso, Breixo"]
[Result "0-1"]
[WhiteElo "2082"]
[BlackElo "1944"]
[PlyCount "101"]
[EventDate "2023.08.25"]
[EventType "swiss"]
[EventRounds "9"]
[EventCountry "ESP"]
[SourceTitle "EXT 2024"]
[Source "ChessBase"]
[SourceDate "2023.10.10"]
[SourceVersion "1"]
[SourceVersionDate "2023.10.10"]
[SourceQuality "1"]

1. d4 Nf6 2. c4 g6 3. Nc3 Bg7 4. e4 d6 5. Nf3 0-0 6. Be2 e5 7. 0-0 Nc6 8. d5 Ne7 9. Bd2 Nh5 10. g3 f5 11. Ng5 Nf6 12. Rc1 h6 13. Ne6 Bxe6 14. dxe6 Nxe4 15. Nxe4 fxe4 16. Qc2 Qe8 17. Qxe4 Qc6 18. Qg4 Rae8 19. b4 h5 20. Qh3 Nf5 21. b5 Qe4 22. Rfe1 Nd4 23. Be3 Nc2 24. e7 Rf7 25. Rxc2 Qxc2 26. Qg2 e4 27. Bd1 Qc3 28. Rf1 Rfxe7 29. Bb3 c6 30. Rd1 Qb4 31. Rxd6 Kh7 32. Rd1 cxb5 33. cxb5 Qxb5 34. Rd5 Qb4 35. Qh3 Re5 36. Rd7 Rf5 37. Qf1 Re7 38. Rd8 Rf8 39. Qd1 Rc7 40. Qd5 Qe7 41. Rxf8 Qxf8 42. Qxe4 Bh6 43. Bxa7 Re7 44. Qd5 Qe8 45. Kg2 Rd7 46. Qf3 Qe5 47. h4 Qd6 48. Qe4 Re7 49. Qf3 Rd7 50. Ba4 b5 51. Bb3 0-1

[Event "Belgrade Serbia op"]
[Site "Belgrade"]
[Date "2023.07.22"]
[Round "7"]
[White "Huseynova, Lala"]
[Black "Jovanovic, Sasa T"]
[Result "0-1"]
[WhiteElo "1711"]
[BlackElo "2082"]
[PlyCount "54"]
[EventDate "2023.07.16"]
[EventType "swiss"]
[EventRounds "9"]
[EventCountry "SRB"]
[SourceTitle "CBM 215 Extra"]
[Source "ChessBase"]
[SourceDate "2023.09.30"]
[SourceVersion "1"]
[SourceVersionDate "2023.09.30"]
[SourceQuality "1"]

1. e4 c5 2. Nf3 d6 3. d4 cxd4 4. Nxd4 Nf6 5. Nc3 Nc6 6. f3 e5 7. Nb3 Be7 8. Be3 0-0 9. Qd2 a5 10. Na4 Be6 11. Nb6 Rb8 12. Rd1 Qc7 13. Be2 Bxb3 14. axb3 Nd4 15. Bxd4 exd4 16. Qxd4 Qxc2 17. Qc3 Qxc3+ 18. bxc3 Rfc8 19. Ra1 d5 20. e5 Bc5 21. Na4 Nd7 22. Nxc5 Nxc5 23. Rxa5 Nxb3 24. Rb5 Nc1 25. Bf1 d4 26. Kd2 Na2 27. c4 Nc3 0-1

[Event "Belgrade-chT Quality"]
[Site "Belgrade"]
[Date "2022.10.08"]
[Round "7.4"]
[White "Jovanovic, Sasa T"]
[Black "Stojanovic, Zoran H"]
[Result "0-1"]
[WhiteElo "2137"]
[BlackElo "2046"]
[PlyCount "90"]
[EventDate "2022.10.01"]
[EventType "team-tourn"]
[EventRounds "11"]
[EventCountry "SRB"]
[SourceTitle "EXT 2024"]
[Source "ChessBase"]
[SourceDate "2023.10.10"]
[SourceVersion "1"]
[SourceVersionDate "2023.10.10"]
[SourceQuality "1"]
[WhiteTeam "Belgrade Belgrade"]
[BlackTeam "Belgrade Partizan"]
[WhiteTeamCountry "SRB"]
[BlackTeamCountry "SRB"]

1. d4 d5 2. c4 c6 3. Nc3 e5 4. cxd5 cxd5 5. Nf3 e4 6. Ng5 h6 7. Nh3 Nf6 8. e3 Bxh3 9. gxh3 Nc6 10. Bd2 Be7 11. a3 Qd7 12. b4 0-0 13. Bg2 Bd6 14. f4 Rac8 15. 0-0 Ne7 16. Qe2 Rc6 17. Na4 b6 18. Nc3 Rfc8 19. Rac1 Nf5 20. Rc2 b5 21. Qxb5 Nxe3 22. Bxe3 Rxc3 23. Rxc3 Rxc3 24. Qe2 Rxa3 25. b5 Rb3 26. Ra1 Rxb5 27. Bf1 Rb3 28. Ra6 Qc7 29. f5 Bxh2+ 30. Qxh2 Qxh2+ 31. Kxh2 Rxe3 32. Rxa7 Rf3 33. Kg1 Rxf5 34. Be2 Rf4 35. Re7 Kf8 36. Ra7 e3 37. Ra8+ Ke7 38. Ra7+ Ke6 39. Ra6+ Kf5 40. Ra7 Kg6 41. Bd3+ Ne4 42. Rd7 Rf5 43. Rxd5 Rxd5 44. Bxe4+ Rf5 45. Kg2 e2 0-1

[Event "Belgrade Spring IM1"]
[Site "Belgrade"]
[Date "2021.04.20"]
[Round "6"]
[White "Hart, Alexander E"]
[Black "Jovanovic, Sasa T"]
[Result "1/2-1/2"]
[WhiteElo "2016"]
[BlackElo "2155"]
[PlyCount "30"]
[EventDate "2021.04.16"]
[EventType "tourn"]
[EventRounds "9"]
[EventCountry "SRB"]
[SourceTitle "CBM 202 Extra"]
[Source "ChessBase"]
[SourceDate "2021.07.31"]
[SourceVersion "1"]
[SourceVersionDate "2021.07.31"]
[SourceQuality "1"]

1. d4 d6 2. c4 e5 3. Nc3 exd4 4. Qxd4 Nc6 5. Qd2 g6 6. Nf3 Bg7 7. g3 Nf6 8. Bg2 0-0 9. 0-0 Bf5 10. Nh4 Bd7 11. b3 Qc8 12. Rd1 Bh3 13. Bh1 Ne5 14. Bb2 Re8 15. Ng2 a6 1/2-1/2

[Event "Belgrade Spring IM1"]
[Site "Belgrade"]
[Date "2021.04.19"]
[Round "5"]
[White "Jovanovic, Sasa T"]
[Black "Zegarac, Vuk"]
[Result "1/2-1/2"]
[WhiteElo "2155"]
[BlackElo "2376"]
[PlyCount "56"]
[EventDate "2021.04.16"]
[EventType "tourn"]
[EventRounds "9"]
[EventCountry "SRB"]
[SourceTitle "CBM 202 Extra"]
[Source "ChessBase"]
[SourceDate "2021.07.31"]
[SourceVersion "1"]
[SourceVersionDate "2021.07.31"]
[SourceQuality "1"]

1. d4 Nf6 2. c4 c5 3. d5 e6 4. Nc3 exd5 5. cxd5 d6 6. e4 g6 7. f4 Bg7 8. Bb5+ Nfd7 9. Nf3 a6 10. Bd3 b5 11. 0-0 0-0 12. Qe1 Re8 13. Qg3 b4 14. Na4 Ra7 15. Be3 Nf6 16. e5 Ng4 17. Rae1 Nxe3 18. Rxe3 Bd7 19. Bc2 Qa5 20. b3 c4 21. Qf2 Bxa4 22. bxa4 Rae7 23. Re4 Qxd5 24. Rd1 Qc5 25. Qxc5 dxc5 26. Rxc4 Rc7 27. Bb3 Bf8 28. Re4 Kg7 1/2-1/2

[Event "SRB-ch sf"]
[Site "Novi Banovci"]
[Date "2020.02.28"]
[Round "7"]
[White "Masic, Predrag"]
[Black "Jovanovic, Sasa T"]
[Result "1/2-1/2"]
[WhiteElo "2286"]
[BlackElo "2147"]
[PlyCount "46"]
[EventDate "2020.02.24"]
[EventType "swiss"]
[EventRounds "9"]
[EventCountry "SRB"]
[SourceTitle "EXT 2021"]
[Source "ChessBase"]
[SourceDate "2020.10.23"]
[SourceVersion "1"]
[SourceVersionDate "2020.10.23"]
[SourceQuality "1"]

1. c4 e6 2. Nf3 d5 3. g3 Nf6 4. Bg2 Be7 5. 0-0 0-0 6. d4 dxc4 7. Qc2 a6 8. a4 Bd7 9. Qxc4 Bc6 10. Nc3 b5 11. Qd3 b4 12. Nb1 Be4 13. Qc4 Bd5 14. Qd3 c5 15. dxc5 Nbd7 16. Be3 Ne4 17. Nbd2 Nexc5 18. Bxc5 Nxc5 19. Qe3 Rc8 20. Rfc1 a5 21. Rc2 Nd7 22. Rac1 Rxc2 23. Rxc2 Qa8 1/2-1/2

[Event "Paracin Summer op-A 12th"]
[Site "Paracin"]
[Date "2019.07.12"]
[Round "9"]
[White "Jovanovic, Sasa T"]
[Black "Srdanovic, Jovana"]
[Result "1/2-1/2"]
[WhiteElo "2205"]
[BlackElo "1975"]
[PlyCount "68"]
[EventDate "2019.07.05"]
[EventType "swiss"]
[EventRounds "9"]
[EventCountry "SRB"]
[SourceTitle "EXT 2022"]
[Source "ChessBase"]
[SourceDate "2021.10.06"]
[SourceVersion "1"]
[SourceVersionDate "2021.10.06"]
[SourceQuality "1"]

1. d4 d5 2. c4 c6 3. Nc3 Nf6 4. e3 e6 5. Nf3 Nbd7 6. Qc2 Bd6 7. Be2 0-0 8. 0-0 Qe7 9. h3 h6 10. Bd2 dxc4 11. Bxc4 e5 12. Nh4 Nb6 13. Bb3 Kh8 14. Nf5 Bxf5 15. Qxf5 e4 16. h4 g6 17. Qh3 Nbd5 18. a3 Nxc3 19. Bxc3 Nd5 20. Bd2 Kg7 21. f4 exf3 22. Rxf3 h5 23. Raf1 f5 24. Bxd5 cxd5 25. Be1 Qd8 26. Bg3 Rc8 27. Qh2 Bxg3 28. Qxg3 Qc7 29. Qg5 Kh7 30. Rg3 Qd6 31. Rgf3 Qc7 32. Rg3 Qd6 33. Rgf3 Qc7 34. Rg3 Qd6 1/2-1/2

[Event "Paracin Summer op-A 12th"]
[Site "Paracin"]
[Date "2019.07.11"]
[Round "8"]
[White "Toncheva, Nadya"]
[Black "Jovanovic, Sasa T"]
[Result "1-0"]
[WhiteElo "2087"]
[BlackElo "2205"]
[PlyCount "79"]
[EventDate "2019.07.05"]
[EventType "swiss"]
[EventRounds "9"]
[EventCountry "SRB"]
[SourceTitle "EXT 2022"]
[Source "ChessBase"]
[SourceDate "2021.10.06"]
[SourceVersion "1"]
[SourceVersionDate "2021.10.06"]
[SourceQuality "1"]

1. d4 d6 2. c4 e5 3. d5 Be7 4. Nc3 f5 5. e4 Nf6 6. exf5 Bxf5 7. Nge2 0-0 8. Ng3 Bg6 9. Bd3 Bxd3 10. Qxd3 Nbd7 11. 0-0 Nc5 12. Qc2 a5 13. f3 c6 14. Rd1 cxd5 15. Nxd5 Nxd5 16. Rxd5 Qc8 17. Be3 Na6 18. a3 Nc7 19. Rd2 Ra6 20. Rad1 Rc6 21. Qa4 Ne6 22. b3 Qc7 23. Ne4 Rd8 24. Nc3 Bg5 25. Bxg5 Nxg5 26. Nd5 Qf7 27. Qxa5 Rf8 28. Qc3 b5 29. Qe3 Ne6 30. cxb5 Rc5 31. b4 Rxb5 32. Nc3 Rbb8 33. Rxd6 Nf4 34. Ne2 Nxe2+ 35. Qxe2 Qa7+ 36. Kh1 Qxa3 37. Qxe5 Qxb4 38. Rd7 Rf6 39. Qc7 Qf8 40. Rd8 1-0

[Event "Paracin Summer op-A 12th"]
[Site "Paracin"]
[Date "2019.07.06"]
[Round "3"]
[White "Jovanovic, Sasa T"]
[Black "Danaci, Ege"]
[Result "0-1"]
[WhiteElo "2205"]
[BlackElo "1976"]
[PlyCount "72"]
[EventDate "2019.07.05"]
[EventType "swiss"]
[EventRounds "9"]
[EventCountry "SRB"]
[SourceTitle "EXT 2020"]
[Source "ChessBase"]
[SourceDate "2019.10.17"]
[SourceVersion "1"]
[SourceVersionDate "2019.10.17"]
[SourceQuality "1"]

1. Nf3 Nf6 2. b3 d5 3. g3 Bf5 4. Bg2 e6 5. Bb2 Be7 6. 0-0 h6 7. c4 c6 8. d3 0-0 9. Nbd2 Nbd7 10. Qc2 Bh7 11. Ne5 Nxe5 12. Bxe5 Nd7 13. Bb2 Bf6 14. Rfc1 Bxb2 15. Qxb2 a5 16. cxd5 exd5 17. d4 Re8 18. e3 Qb6 19. a3 a4 20. b4 Qb5 21. Qc3 Qe2 22. Bf1 Qh5 23. b5 Re6 24. Bg2 Nf6 25. bxc6 bxc6 26. f3 Rae8 27. Nf1 Rb8 28. Ra2 Qg6 29. Rb2 Rxb2 30. Qxb2 Qd3 31. Rxc6 Re8 32. Rb6 Bg6 33. Qb5 Rxe3 34. Rb8+ Kh7 35. Nxe3 Qxe3+ 36. Kh1 Bd3 0-1

[Event "Belgrade Trophy 32nd"]
[Site "Belgrade"]
[Date "2018.11.25"]
[Round "2"]
[White "Jovanovic, Sasa T"]
[Black "Abramovic, Bosko"]
[Result "1/2-1/2"]
[WhiteElo "2185"]
[BlackElo "2372"]
[PlyCount "132"]
[EventDate "2018.11.24"]
[EventType "swiss"]
[EventRounds "9"]
[EventCountry "SRB"]
[SourceTitle "CBM 187 Extra"]
[Source "ChessBase"]
[SourceDate "2018.11.04"]
[SourceVersion "1"]
[SourceVersionDate "2018.11.04"]
[SourceQuality "1"]

1. d4 Nf6 2. c4 e6 3. Nc3 d5 4. Bg5 Nbd7 5. e3 c6 6. cxd5 exd5 7. Bd3 Be7 8. Qc2 Nh5 9. Bxe7 Qxe7 10. Nge2 g6 11. g4 Ng7 12. 0-0-0 Nb6 13. h3 Bd7 14. Kb1 0-0-0 15. a4 Kb8 16. Qb3 f5 17. Rhg1 fxg4 18. hxg4 g5 19. a5 Nc8 20. Na4 Nd6 21. Nc5 Bc8 22. Nc3 Ne6 23. N3a4 Nxc5 24. Nxc5 Ne4 25. Nxe4 dxe4 26. Bc4 Rhf8 27. Rd2 Rf6 28. Rg3 Qc7 29. Qa3 Qd6 30. Qxd6+ Rdxd6 31. b4 Rh6 32. Kc2 Rh4 33. Be2 Rf6 34. Rg2 Be6 35. Kc3 Kc7 36. Rd1 Kd6 37. Rf1 h6 38. Kd2 Rh3 39. Rfg1 Bd5 40. Ra1 Rf8 41. Rc1 Rb8 42. Ra1 b6 43. axb6 axb6 44. Rgg1 Rf8 45. Rg2 Rh4 46. Kc3 b5 47. Kd2 Kc7 48. Kc3 Kb7 49. Kd2 Ra8 50. Rxa8 Kxa8 51. Rg1 Kb7 52. Ke1 Kb6 53. Bd1 Rh2 54. Bc2 Kc7 55. Bb1 Kd6 56. Bc2 Ke7 57. Bb1 Kf6 58. Bc2 h5 59. gxh5 Rxh5 60. Rg4 Be6 61. Rg1 Bf5 62. Bb3 Rh4 63. Kd2 Rh2 64. Ke1 g4 65. Bc2 Rh8 66. Bb3 Rh2 1/2-1/2

[Event "Belgrade-chT Quality"]
[Site "Belgrade"]
[Date "2018.09.25"]
[Round "8.3"]
[White "Milekic, Daniel"]
[Black "Jovanovic, Sasa T"]
[Result "1/2-1/2"]
[WhiteElo "2309"]
[BlackElo "2201"]
[PlyCount "39"]
[EventDate "2018.09.17"]
[EventType "team-tourn"]
[EventRounds "11"]
[EventCountry "SRB"]
[SourceTitle "CBM 186 Extra"]
[Source "ChessBase"]
[SourceDate "2018.08.24"]
[SourceVersion "1"]
[SourceVersionDate "2018.08.24"]
[SourceQuality "1"]
[WhiteTeam "Rudovci Radnicki"]
[BlackTeam "Belgrade CC"]
[WhiteTeamCountry "SRB"]
[BlackTeamCountry "SRB"]

1. d4 Nf6 2. c4 g6 3. Nc3 Bg7 4. e4 d6 5. Nf3 0-0 6. Be2 e5 7. Be3 Ng4 8. Bg5 f6 9. Bh4 Nc6 10. d5 Ne7 11. Nd2 Nh6 12. f3 g5 13. Bf2 f5 14. c5 Ng6 15. h3 fxe4 16. Ndxe4 Nf5 17. 0-0 Nf4 18. Re1 a6 19. Bf1 Nd4 20. a4 1/2-1/2

[Event "Belgrade-chT Quality"]
[Site "Belgrade"]
[Date "2018.09.19"]
[Round "3.3"]
[White "Jovanovic, Sasa T"]
[Black "Tadic, Stefan"]
[Result "0-1"]
[WhiteElo "2201"]
[BlackElo "2206"]
[PlyCount "62"]
[EventDate "2018.09.17"]
[EventType "team-tourn"]
[EventRounds "11"]
[EventCountry "SRB"]
[SourceTitle "CBM 186 Extra"]
[Source "ChessBase"]
[SourceDate "2018.08.24"]
[SourceVersion "1"]
[SourceVersionDate "2018.08.24"]
[SourceQuality "1"]
[WhiteTeam "Belgrade CC"]
[BlackTeam "Tadic"]
[WhiteTeamCountry "SRB"]
[BlackTeamCountry "SRB"]

1. d4 Nf6 2. c4 c5 3. Nf3 cxd4 4. Nxd4 Nc6 5. Nc3 g6 6. g3 d6 7. Bg2 Bd7 8. 0-0 Bg7 9. Nc2 Qc8 10. Re1 Bh3 11. Bh1 h5 12. Ne3 h4 13. Bd2 hxg3 14. hxg3 Na5 15. Rc1 Bd7 16. Bg2 Bc6 17. Ncd5 e6 18. Bb4 Qd8 19. Nxf6+ Qxf6 20. Bxd6 Qg5 21. Bxc6+ Nxc6 22. Kg2 0-0-0 23. c5 Rh5 24. Qa4 Rdh8 25. g4 Rh3 26. Rg1 Bd4 27. Rc3 Bxc3 28. bxc3 Rxe3 29. fxe3 Qxe3 30. Kf1 e5 31. Qc4 Rh2 0-1

[Event "Belgrade-chT Quality"]
[Site "Belgrade"]
[Date "2018.09.18"]
[Round "2.3"]
[White "Maksimovic, Miroslav"]
[Black "Jovanovic, Sasa T"]
[Result "1/2-1/2"]
[WhiteElo "2216"]
[BlackElo "2201"]
[PlyCount "20"]
[EventDate "2018.09.17"]
[EventType "team-tourn"]
[EventRounds "11"]
[EventCountry "SRB"]
[SourceTitle "CBM 186 Extra"]
[Source "ChessBase"]
[SourceDate "2018.08.24"]
[SourceVersion "1"]
[SourceVersionDate "2018.08.24"]
[SourceQuality "1"]
[WhiteTeam "Belgrade Vodovod"]
[BlackTeam "Belgrade CC"]
[WhiteTeamCountry "SRB"]
[BlackTeamCountry "SRB"]

1. e4 c6 2. Nc3 d5 3. Nf3 Bg4 4. h3 Bxf3 5. Qxf3 dxe4 6. Nxe4 Nd7 7. d4 Ngf6 8. Nxf6+ Nxf6 9. c3 e6 10. Bd3 Be7 1/2-1/2

[Event "Paracin Summer op-A 11th"]
[Site "Paracin"]
[Date "2018.07.11"]
[Round "7"]
[White "Rakshitta, Ravi"]
[Black "Jovanovic, Sasa T"]
[Result "1-0"]
[WhiteElo "2026"]
[BlackElo "2258"]
[PlyCount "85"]
[EventDate "2018.07.06"]
[EventType "swiss"]
[EventRounds "9"]
[EventCountry "SRB"]
[SourceTitle "EXT 2019"]
[Source "ChessBase"]
[SourceDate "2018.10.10"]
[SourceVersion "1"]
[SourceVersionDate "2018.10.10"]
[SourceQuality "1"]

1. e4 d6 2. d4 Nf6 3. Nc3 e5 4. dxe5 dxe5 5. Qxd8+ Kxd8 6. Bc4 Be6 7. Bxe6 fxe6 8. Nf3 Nbd7 9. Ng5 Ke7 10. Nb5 c6 11. Nc7 Rc8 12. Ncxe6 h6 13. Nxf8 Rhxf8 14. Nf3 Nxe4 15. 0-0 Rf5 16. b3 Kf7 17. Bb2 Re8 18. Rfe1 Nxf2 19. Rf1 Rxf3 20. gxf3 Nh3+ 21. Kh1 Nf4 22. Rad1 Nf6 23. Rfe1 Ng6 24. c4 h5 25. Re3 h4 26. Rde1 Nd7 27. f4 Nxf4 28. Bxe5 Nxe5 29. Rxe5 Ne6 30. Rh5 g5 31. Rh7+ Kf6 32. Rd7 a5 33. a3 Kf5 34. Rf7+ Kg6 35. Rxb7 Kf5 36. Rf7+ Kg6 37. Rd7 Kf5 38. Rd6 c5 39. Rd5+ Kf6 40. Rxc5 Nxc5 41. Rxe8 Nxb3 42. Rb8 Nd2 43. c5 1-0

[Event "Paracin Summer op-A 11th"]
[Site "Paracin"]
[Date "2018.07.07"]
[Round "2"]
[White "Jovanovic, Sasa T"]
[Black "Radojkovic, Stefan"]
[Result "1/2-1/2"]
[WhiteElo "2258"]
[BlackElo "2105"]
[PlyCount "69"]
[EventDate "2018.07.06"]
[EventType "swiss"]
[EventRounds "9"]
[EventCountry "SRB"]
[SourceTitle "CBM 185 Extra"]
[Source "ChessBase"]
[SourceDate "2018.07.29"]
[SourceVersion "1"]
[SourceVersionDate "2018.07.29"]
[SourceQuality "1"]

1. d4 Nf6 2. Nf3 e6 3. c4 d5 4. Nc3 Nbd7 5. Bg5 Be7 6. e3 0-0 7. cxd5 Nxd5 8. Bxe7 Qxe7 9. Qb3 Nxc3 10. Qxc3 c6 11. Be2 Re8 12. 0-0 e5 13. Rad1 e4 14. Nd2 Nf6 15. Bc4 Be6 16. a3 Rad8 17. Bxe6 Qxe6 18. Qb3 Qe7 19. Nb1 Rd5 20. Nc3 Rh5 21. h3 Rd8 22. f3 Rd7 23. Nxe4 Nxe4 24. fxe4 Qxe4 25. Rf3 Rb5 26. Qc3 Qe6 27. b4 a5 28. Rb1 g6 29. Rb2 axb4 30. Rxb4 Rdd5 31. a4 Rxb4 32. Qxb4 Rd7 33. Kf2 Qa2+ 34. Kg3 Qd5 35. Kf2 1/2-1/2

[Event "Paracin Summer op-A 11th"]
[Site "Paracin"]
[Date "2018.07.07"]
[Round "3"]
[White "Stanojevic, Ilija"]
[Black "Jovanovic, Sasa T"]
[Result "1-0"]
[WhiteElo "2120"]
[BlackElo "2258"]
[PlyCount "59"]
[EventDate "2018.07.06"]
[EventType "swiss"]
[EventRounds "9"]
[EventCountry "SRB"]
[SourceTitle "EXT 2019"]
[Source "ChessBase"]
[SourceDate "2018.10.10"]
[SourceVersion "1"]
[SourceVersionDate "2018.10.10"]
[SourceQuality "1"]

1. c4 g6 2. Nf3 Bg7 3. d4 d6 4. g3 Nf6 5. Bg2 0-0 6. 0-0 c6 7. Nc3 Bf5 8. h3 Ne4 9. Nh4 Nxc3 10. bxc3 Be6 11. d5 cxd5 12. cxd5 Bd7 13. Rb1 b6 14. e4 Bxc3 15. Bh6 Bg7 16. Bxg7 Kxg7 17. Qd4+ Kg8 18. f4 Na6 19. e5 Qe8 20. e6 fxe6 21. dxe6 Bxe6 22. Rbe1 Bf7 23. f5 g5 24. Qg4 h6 25. Ng6 Bxg6 26. fxg6 Nc5 27. Rxf8+ Qxf8 28. Rf1 Qe8 29. Qh5 e6 30. Rf7 1-0

[Event "Paracin Summer op-A 11th"]
[Site "Paracin"]
[Date "2018.07.06"]
[Round "1"]
[White "Danaci, Ege"]
[Black "Jovanovic, Sasa T"]
[Result "1-0"]
[WhiteElo "1902"]
[BlackElo "2258"]
[PlyCount "69"]
[EventDate "2018.07.06"]
[EventType "swiss"]
[EventRounds "9"]
[EventCountry "SRB"]
[SourceTitle "CBM 185 Extra"]
[Source "ChessBase"]
[SourceDate "2018.07.29"]
[SourceVersion "1"]
[SourceVersionDate "2018.07.29"]
[SourceQuality "1"]

1. e4 c5 2. Nc3 a6 3. g3 b5 4. Bg2 Bb7 5. d3 e6 6. Nh3 Nf6 7. 0-0 d6 8. f4 h5 9. f5 e5 10. Nf2 Nbd7 11. Nd5 Nxd5 12. exd5 Be7 13. Bd2 Nf6 14. c4 Qc7 15. Qe1 bxc4 16. dxc4 a5 17. h3 a4 18. g4 hxg4 19. hxg4 Qb6 20. Rb1 Ba6 21. b3 axb3 22. axb3 Bc8 23. g5 Nd7 24. Ne4 f6 25. Qg3 Ra2 26. Ra1 Rb2 27. gxf6 Nxf6 28. Qxg7 Rf8 29. Bg5 Qd8 30. Ra7 Rf7 31. Qh8+ Rf8 32. Rxe7+ Qxe7 33. Nxf6+ Kd8 34. Qxf8+ Qxf8 35. Nh7+ 1-0